Statistics for Countries with the Most JetPunk Users

Click here to take the quiz!

General Stats

  • This quiz has been taken 16,087 times
  • The average score is 18 of 21

Answer Stats

% Country % Correct
35.5United States
100%
19.2United Kingdom
99%
2.3Germany
97%
5.2France
97%
4.7Canada
97%
1.3Spain
96%
0.8Italy
94%
0.6Mexico
93%
4.4Australia
92%
1.1Brazil
89%
0.7Sweden
88%
0.6Norway
86%
1.0New Zealand
84%
0.9Netherlands
82%
2.7India
81%
3.2Poland
81%
1.0Ireland
81%
1.2Finland
80%
0.7Belgium
79%
0.6Switzerland
72%
1.3Philippines
38%

Score Distribution

Percentile by Number Answered

Percent of People with Each Score

Your Score History

You have not taken this quiz